[Event "SVK-ch U14 Girls"]
[Site "Tatralandia"]
[Date "2024.04.12"]
[Round "9"]
[White "Haasova, Timea"]
[Black "Spisiakova, Viktoria"]
[Result "1-0"]
[WhiteElo "1917"]
[BlackElo "1089"]
[PlyCount "37"]
[EventDate "2024.04.05"]
[EventType "swiss"]
[EventRounds "9"]
[EventCountry "SVK"]
[SourceTitle "CB16_2024"]
[SourceDate "2024.04.17"]
[SourceVersion "1"]
[SourceVersionDate "2024.04.17"]
[SourceQuality "1"]

1. d4 f5 2. Nf3 b6 3. g3 Bb7 4. Bg2 Nf6 5. c4 e6 6. Nc3 Bb4 7. Bd2 0-0 8. 0-0 Bxc3 9. Bxc3 Nc6 10. b4 Ne7 11. Qb3 Re8 12. Rfd1 c6 13. Ne5 Rb8 14. b5 cxb5 15. Bxb7 Rxb7 16. Qxb5 d6 17. Nf3 Ne4 18. Bb2 Qc7 19. Qxe8# 1-0

[Event "SVK-ch U14 Girls"]
[Site "Tatralandia"]
[Date "2024.04.07"]
[Round "4"]
[White "Spisiakova, Viktoria"]
[Black "Polackova, Eva"]
[Result "0-1"]
[WhiteElo "1089"]
[BlackElo "1626"]
[PlyCount "62"]
[EventDate "2024.04.05"]
[EventType "swiss"]
[EventRounds "9"]
[EventCountry "SVK"]
[SourceTitle "CB16_2024"]
[SourceDate "2024.04.17"]
[SourceVersion "1"]
[SourceVersionDate "2024.04.17"]
[SourceQuality "1"]

1. f4 g6 2. Nf3 d5 3. e3 Bg7 4. Bd3 Nh6 5. Nc3 Bf5 6. Qe2 0-0 7. Bxf5 Nxf5 8. 0-0 e6 9. Ng5 Nd7 10. b3 Nf6 11. Bb2 Nd6 12. Rf2 h6 13. Nh3 Nfe4 14. Rf3 b5 15. Nf2 b4 16. Ncxe4 dxe4 17. Nxe4 Nxe4 18. Bxg7 Kxg7 19. Rd1 Qe7 20. Qc4 Nf6 21. Rh3 Rad8 22. d3 c5 23. Rf1 h5 24. Rff3 a5 25. c3 Qd6 26. e4 Ng4 27. cxb4 axb4 28. Qc2 Qd4+ 29. Kh1 Qa1+ 30. Qb1 Qxb1+ 31. Rf1 Qxf1# 0-1

[Event "SVK-ch U12 Girls"]
[Site "Dudince"]
[Date "2023.04.17"]
[Round "3"]
[White "Gondekova, Emma"]
[Black "Spisiakova, Viktoria"]
[Result "1-0"]
[WhiteElo "1199"]
[BlackElo "1080"]
[PlyCount "63"]
[EventDate "2023.04.16"]
[EventType "swiss"]
[EventRounds "9"]
[EventCountry "SVK"]
[SourceTitle "CBM 213 Extra"]
[Source "ChessBase"]
[SourceDate "2023.05.31"]
[SourceVersion "1"]
[SourceVersionDate "2023.05.31"]
[SourceQuality "1"]

1. e4 e5 2. Nf3 d6 3. d4 f6 4. Nc3 Ne7 5. Bc4 c6 6. dxe5 fxe5 7. Nxe5 dxe5 8. Bf7+ Kxf7 9. Qxd8 Be6 10. Bg5 Rg8 11. Qd3 h6 12. Bxe7 Bxe7 13. 0-0-0 Rd8 14. Qf3+ Bf6 15. Rxd8 a6 16. Na4 Ra7 17. Rxb8 Bxa2 18. b3 b5 19. Nc3 Ke7 20. Nxa2 Bg5+ 21. Kb1 Rd7 22. Qf8+ Ke6 23. Re8+ Re7 24. Rxe7+ Bxe7 25. Qxg7 Bg5 26. Qg6+ Ke7 27. Qxc6 a5 28. Rd1 Kf7 29. Rd7+ Be7 30. Qd6 Kg7 31. Rxe7+ Kg8 32. Qd8# 1-0